| 000 | 010120000a22002650004500 | ||
|---|---|---|---|
| 001 | 002695 | ||
| 003 | OSt | ||
| 005 | 20120111110304.0 | ||
| 008 | 120111t xxu||||| |||| 00| 0 eng d | ||
| 022 | _a1684-4874 | ||
| 040 |
_aDDC _bDDC |
||
| 082 | _a348.042 EAS | ||
| 245 | _aThe East Africa law reports 2008, Vol 2/ | ||
| 260 |
_bLaw Africa _cc2010 |
||
| 300 |
_axxxi, 392p.: _c24cm |
||
| 500 | _aVol.1 & 2 (2009); | ||
| 650 |
_acases _aEast Africa _alaws _areports _96469 |
||
| 653 | _aLaw | ||
| 700 |
_aLaw Africa _96470 |
||
| 710 |
_alexis Nexis _96471 |
||
| 942 |
_cLRT _2ddc |
||
| 999 |
_c5042 _d5042 |
||